000 00540nam a2200217Ia 4500
003 OSt
005 20220924133415.0
006 a|||||r|||| 00| 0
007 ta
008 220923b |||||||| |||| 00| 0 snd d
024 _a265156
037 _cTextual
040 _aARTS
_cARTS
_bsnd
041 _2snd
_asnd
082 _aDelta2yM96, 1593J1
100 _aPachandani
_9206361
245 0 _aJadugar jeevni
260 _c1951
942 _hDelta2yM96, 1593J1
_cTEXL
_2CC
999 _c433698
_d433698